| 000 | 00679nam a2200229Ia 4500 | ||
|---|---|---|---|
| 003 | OSt | ||
| 005 | 20251016155213.0 | ||
| 008 | 221004b |||||||| |||| 00| 0 eng d | ||
| 020 | _a0876926774 | ||
| 037 | _cTB | ||
| 040 |
_aCRL _cCRL _beng |
||
| 041 |
_2eng _aeng |
||
| 084 |
_aO111973,3xN N0 _qAL |
||
| 100 |
_aAbrahams William Ed _9848621 |
||
| 245 | 0 |
_aPrize Stories 1990: _bThe O. Henry awards |
|
| 260 |
_aNew Delhi: _bPrentice-Hall of India Pri Ltd India, _c1990. |
||
| 300 |
_a431 p. _ccm. |
||
| 650 |
_aENGLISH LITERATURE _9848622 |
||
| 700 | _e(Editor) | ||
| 942 |
_hO111973,3xN9 N0 _cTB _2cc _n0 |
||
| 999 |
_c987362 _d987362 |
||